Marketing estratégico
Gardado en:
| Autor Principal: | |
|---|---|
| Formato: | Libro |
| Idioma: | Lingua castelá |
| Publicado: |
Madrid
McGraw-Hill
1995
|
| Edición: | Tercera edición |
| Subjects: | |
| Acceso en liña: | Disponible Online |
| Tags: |
Engadir etiqueta
Sen Etiquetas, Sexa o primeiro en etiquetar este rexistro!
|
MARC
| LEADER | 00000cam a2200000 a 4500 | ||
|---|---|---|---|
| 001 | UCU2121 | ||
| 003 | CL-VaPUC | ||
| 005 | 20240415112858.0 | ||
| 008 | 960419e19950000SP |||||||||||||||||spa|d | ||
| 999 | |c 246507 |d 246505 | ||
| 020 | |a 8448116119 | ||
| 040 | |c Pontificia Universidad Católica de Valparaíso | ||
| 082 | 0 | 4 | |a 658.8 LAM 1995 |2 21 |
| 100 | |a Lambin, Jean-Jacques |e author |9 589633 | ||
| 245 | 1 | 0 | |a Marketing estratégico |
| 250 | |a Tercera edición | ||
| 260 | |a Madrid |b McGraw-Hill |c 1995 | ||
| 300 | |a 610 p | ||
| 583 | |a last modification |c 20190110 01:47:19 |k Rodrigo Vera | ||
| 650 | 0 | |a Satisfacción del cliente |9 434511 | |
| 650 | 0 | |a Marketing |9 888340 |x Planificación estratégica | |
| 650 | 0 | |a Nuevos productos |9 521318 | |
| 650 | 0 | |a Publicidad |9 314572 | |
| 650 | 0 | |a Análisis de mercado |9 260838 | |
| 856 | |u http://bibliografiadigital.pucv.cl.pucv.idm.oclc.org/index.php/bibliotecapucv/catalog/book/487 |y Disponible Online | ||
| 942 | |c BK |2 ddc | ||
| 945 | |d 19960419 00:00:00 |a rleighto | ||
| 952 | |0 0 |1 0 |4 0 |6 658_800000000000000_LAM_1995 |7 0 |8 R |9 261543 |a BIBENE |b BIBENE |d 2019-11-19 |i 3192296 |l 2 |m 2 |o 658.8 LAM 1995 |p 3192296 |r 2025-01-15 |s 2024-10-09 |w 2019-11-19 |y BK_R |k ICO | ||
| 952 | |0 0 |1 0 |4 0 |6 658_800000000000000_LAM_1995 |7 0 |8 R |9 261544 |a BIBENE |b BIBENE |d 2019-11-19 |i 3206068 |l 4 |o 658.8 LAM 1995 |p 3206068 |r 2025-01-15 |s 2024-10-14 |w 2019-11-19 |y BK_R |k ICO | ||
| 952 | |0 0 |1 0 |4 0 |6 658_800000000000000_LAM_1995 |7 0 |8 R |9 261545 |a BIBENE |b BIBENE |d 2019-11-19 |i 3211126 |l 5 |m 1 |o 658.8 LAM 1995 |p 3211126 |r 2025-01-15 |s 2023-11-09 |w 2019-11-19 |y BK_R |k ICO | ||
| 952 | |0 0 |1 0 |4 0 |6 658_800000000000000_LAM_1995 |7 0 |8 R |9 261546 |a BIBENE |b BIBENE |d 2019-11-19 |i 3292274 |l 15 |m 4 |o 658.8 LAM 1995 |p 3292274 |r 2025-01-15 |s 2024-03-12 |w 2019-11-19 |y BK_R |k ICO | ||
| 952 | |0 0 |1 0 |4 0 |6 658_800000000000000_LAM_1995 |7 0 |8 R |9 261547 |a BIBENE |b BIBENE |d 2019-11-19 |i 3361241 |l 7 |m 4 |o 658.8 LAM 1995 |p 3361241 |r 2025-01-15 |s 2023-11-08 |w 2019-11-19 |y BK_R |k ICO | ||
| 952 | |0 0 |1 0 |4 0 |6 658_800000000000000_LAM_1995 |7 0 |8 A |9 261548 |a BIBCUR |b BIBCUR |d 2019-11-19 |i 3569527 |l 1 |o 658.8 LAM 1995 |p 3569527 |r 2025-03-13 |s 2025-01-08 |w 2019-11-19 |y BK |k PER | ||
| 952 | |0 0 |1 0 |4 0 |6 658_800000000000000_LAM_1995 |7 0 |8 A |9 261549 |a BIBALI |b BIBALI |c RES |d 2019-11-19 |i 3663043 |o 658.8 LAM 1995 |p 3663043 |r 2025-01-20 |w 2019-11-19 |y BK_R |k ALI | ||
| 952 | |0 0 |1 0 |4 0 |6 658_800000000000000_LAM_1995 |7 0 |8 A |9 261550 |a BIBALI |b BIBALI |c RES |d 2019-11-19 |i 3883361 |o 658.8 LAM 1995 |p 3883361 |r 2025-01-20 |w 2019-11-19 |y BK_R |k ALI | ||
| 952 | |0 0 |1 0 |4 0 |6 658_800000000000000_LAM_1995 |7 0 |8 R |9 261551 |a BIBGIM |b BIBGIM |d 2019-11-19 |i 3868494 |o 658.8 LAM 1995 |p 3868494 |r 2025-01-15 |w 2019-11-19 |y BK_R |k COM | ||
| 952 | |0 0 |1 0 |4 0 |6 658_800000000000000_LAM_1995 |7 0 |8 R |9 261552 |a BIBGIM |b BIBGIM |d 2019-11-19 |i 3883647 |o 658.8 LAM 1995 |p 3883647 |r 2025-01-15 |w 2019-11-19 |y BK_R |k GIM | ||
| 952 | |0 0 |1 0 |4 0 |6 658_800000000000000_LAM_1995 |7 0 |8 A |9 261553 |a BIBALI |b BIBALI |c RES |d 2019-11-19 |i 3969061 |o 658.8 LAM 1995 |p 3969061 |r 2025-01-20 |w 2019-11-19 |y BK_R |k ALI | ||
| 952 | |0 0 |1 0 |4 0 |6 658_800000000000000_LAM_1995 |7 0 |8 A |9 261554 |a BIBALI |b BIBALI |c RES |d 2019-11-19 |i 396907K |o 658.8 LAM 1995 |p 396907K |r 2025-01-20 |w 2019-11-19 |y BK_R |k ALI | ||
| 952 | |0 0 |1 0 |4 0 |6 658_800000000000000_LAM_1995 |7 0 |8 R |9 261555 |a BIBGIM |b BIBGIM |d 2019-11-19 |i 4088077 |o 658.8 LAM 1995 |p 4088077 |r 2025-01-15 |w 2019-11-19 |y BK_R |k COM | ||
| 952 | |0 0 |1 0 |4 0 |6 658_800000000000000_LAM_1995 |7 0 |8 R |9 261556 |a BIBGIM |b BIBGIM |d 2019-11-19 |i 4088085 |o 658.8 LAM 1995 |p 4088085 |r 2025-01-15 |w 2019-11-19 |y BK_R |k COM | ||
| 952 | |0 0 |1 0 |4 0 |6 658_800000000000000_LAM_1995 |7 0 |8 R |9 261557 |a BIBGIM |b BIBGIM |d 2019-11-19 |i 4088093 |o 658.8 LAM 1995 |p 4088093 |r 2025-01-15 |w 2019-11-19 |y BK_R |k COM | ||
| 952 | |0 0 |1 0 |4 0 |6 658_800000000000000_LAM_1995 |7 0 |8 R |9 261558 |a BIBGIM |b BIBGIM |d 2019-11-19 |i 4088107 |o 658.8 LAM 1995 |p 4088107 |r 2025-01-15 |w 2019-11-19 |y BK_R |k COM | ||
| 952 | |0 0 |1 0 |4 0 |6 658_800000000000000_LAM_1995 |7 0 |8 R |9 261559 |a BIBGIM |b BIBGIM |d 2019-11-19 |i 4088115 |o 658.8 LAM 1995 |p 4088115 |r 2025-01-15 |w 2019-11-19 |y BK_R |k COM | ||
| 952 | |0 0 |1 0 |3 erb |4 0 |6 658_800000000000000_LAM_1995 |7 0 |8 R |9 261561 |a BIBGIM |b BIBGIM |i 5528526 |l 2 |o 658.8 LAM 1995 |p 5528526 |r 2025-01-15 |s 2023-10-17 |w 2019-11-19 |y BK_R |z Catalogado en:20190111 |k COM | ||